| 000 | 00626nam a2200229Ia 4500 | ||
|---|---|---|---|
| 008 | 170203s9999 xx 000 0 und d | ||
| 020 | _a971923203x | ||
| 050 | _a658.3 | ||
| 050 | _b.S231 2004 | ||
| 100 | _aSantamaria, Josefina O., | ||
| 245 | _aCareer counseling : | ||
| 245 | _bcases and techniques / | ||
| 245 | _cJosefina O. Santamaria. | ||
| 250 | _a3rd and revised edition. | ||
| 260 | _aMakati City : | ||
| 260 | _bCareer Systems, | ||
| 260 | _c2004 | ||
| 300 | _avi, 224 pages : | ||
| 300 | _c23 cm. | ||
| 650 | _a Career education -- Philippines. | ||
| 650 | _aVocational guidance -- Philippines. | ||
| 999 |
_c305471 _d305471 |
||